00458nam a2200157Ia 4500003000900000008004100009040001600050080001200066100002000078245009700098250001200195260003800207300002300245650001200268700002000280IN-BaIIA211028s9999 xx 000 0 eng d cIIA Library a53bHAL aHalliday, David 0aPhysics for students of science and engineeringbpart IIcDavid Halliday and Robert Resnick  a2nd ed. aNew YorkbJohn Wiley & Sonsc1962 a[various pagings.] aPhysics aResnick, Robert